Introductory physics for the life sciences / (Record no. 171714)

MARC details
000 -LEADER
fixed length control field 00850cam a2200253 i 4500
001 - CONTROL NUMBER
control field 1376010736
003 - CONTROL NUMBER IDENTIFIER
control field OSt
005 - DATE AND TIME OF LATEST TRANSACTION
control field 20250429125430.0
008 - FIXED-LENGTH DATA ELEMENTS--GENERAL INFORMATION
fixed length control field 230414s2023 sz a ob 001 0 eng d
020 ## - INTERNATIONAL STANDARD BOOK NUMBER
International Standard Book Number 9783031058073 (paperback)
040 ## - CATALOGING SOURCE
Original cataloging agency GW5XE
Language of cataloging eng
Description conventions rda
Transcribing agency GW5XE
Modifying agency NUST
050 #4 - LIBRARY OF CONGRESS CALL NUMBER
Classification number QH505 MOC
100 1# - MAIN ENTRY--PERSONAL NAME
Personal name Mochrie, Simon G J
Relator term Author
245 10 - TITLE STATEMENT
Title Introductory physics for the life sciences /
Statement of responsibility, etc. Simon Mochrie and Claudia De Grandi.
260 ## - PUBLICATION, DISTRIBUTION, ETC.
Place of publication, distribution, etc. Cham :
Name of publisher, distributor, etc. Springer,
Date of publication, distribution, etc. 2023.
300 ## - PHYSICAL DESCRIPTION
Extent xxiv, 847 pages :
Other physical details Illustrations ;
Dimensions 23 cm.
336 ## - CONTENT TYPE
Content type term text
Content type code txt
Source rdacontent
337 ## - MEDIA TYPE
Media type term unmediated
Media type code n
Source rdamedia
338 ## - CARRIER TYPE
Carrier type term volume
Carrier type code nc
Source rdacarrier
504 ## - BIBLIOGRAPHY, ETC. NOTE
Bibliography, etc. note Includes bibliographical references and index.
650 #0 - SUBJECT ADDED ENTRY--TOPICAL TERM
Form subdivision Biophysics.
700 1# - ADDED ENTRY--PERSONAL NAME
Personal name De Grandi, Claudia
Relator term Author
942 ## - ADDED ENTRY ELEMENTS (KOHA)
Source of classification or shelving scheme Library of Congress Classification
Koha item type Ordinary Loan Books
Classification part QH505 MOC
Call number prefix QH
Call number suffix MOC
Suppress in OPAC No
Holdings
Withdrawn status Lost status Source of classification or shelving scheme Damaged status Not for loan Collection Home library Current library Shelving location Date acquired Source of acquisition Cost, normal purchase price Total Checkouts Full call number Barcode Date last seen Accession number Cost, replacement price Price effective from Koha item type Public note
    LCC     NFIC MAIN MAIN GEN 04/29/2025 Book Aid International 68.00   QH505 MOC 92004055919 04/29/2025 61797 68.00 04/29/2025 BOOKS Donation